Statistics for "And Something" Band Names

Click here to take the quiz!

General Stats

  • This quiz has been taken 29,356 times
    (21,817 since last reset)
  • The average score is 14 of 27

Answer Stats

Musical Group% Correct
{Simon} & Garfunkel
95%
{Sonny} & Cher
88%
{Hall} & Oates
79%
{Kool} & the Gang
78%
{Hootie} & the Blowfish
72%
Huey Lewis & the {News}
71%
{KC} & the Sunshine Band
68%
{Diana} {Ross} & the Supremes
67%
{Bruce} {Springsteen} & the
E Street Band
61%
Gladys Knight & the {Pips}
60%
{Sly} & the Family Stone
59%
{Tom} {Petty} & the Heartbreakers
57%
{Bob} {Marley} & the Wailers
56%
DJ Jazzy Jeff & the
{Fresh} {Prince}
50%
{Derek} & the Dominos
46%
Marky Mark & the {Funky} {Bunch}
41%
{Buddy} {Holly} & the Crickets
38%
{Belle} & Sebastian
34%
{Iggy} & the Stooges
33%
{Bob} {Seger} & the Silver Bullet Band
31%
Tony Orlando & {Dawn}
30%
{Neil} {Young} & Crazy Horse
29%
{Herb} {Alpert} & the Tijuana Brass
28%
{Frank} {Zappa} & the
Mothers of Invention
27%
Smokey Robinson & the {Miracles}
27%
{Prince} & the New Power Generation
23%
{George} {Clinton} & the P-Funk Allstars
17%

Score Distribution

Percentile by Number Answered

Percent of People with Each Score

Your Score History

You have not taken this quiz since the last reset